Transboundary protected areas for peace and co-operation (Registro nro. 8310)
[ vista simple ]
| 000 -CABECERA | |
|---|---|
| Campo de control | 01337nam a22002777a 4500 |
| 005 - FECHA Y HORA DE LA ULTIMA TRANSACCION | |
| Campo de control | 20140325105309.0 |
| 008 - ELEMENTOS DE LONGITUD FIJA—INFORMACION GENERAL | |
| Campo de control | 140325t2001 enkado gr|||| 00| 0 ENG d |
| 020 ## - ISBN | |
| ISBN | 2831706122 |
| 041 ## - IDIOMA | |
| Código de idioma para texto/pista de sonido o título separado | Inglés |
| 044 ## - PAÍS DE PUBLICACIÓN | |
| País de publicación | Inglaterra |
| 082 ## - NUMERO DE CLASIFICACION DECIMAL DEWEY | |
| Número de clasificación | 333.72 |
| Número del ítem | S221t |
| 100 1# - ASIENTO PRINCIPAL--NOMBRE PERSONAL | |
| Nombre personal | Sandwith, Trevor |
| 242 10 - TRADUCCION DEL TITULO POR LA AGENCIA CATALOGADORA | |
| Título | Áreas protegidas transfronterizas para la paz y la cooperación |
| Parte restante del título | basada en las actas de los talleres que se llevaron acabo en Bormio (1998) y Gland (2000) |
| Mención de responsabilidad | Trevor Sandwith, Clare Shine, Lawrence Hamilton, David Sheppard |
| Código de idioma del título traducido | spa |
| 245 10 - MENCION DE TITULO | |
| Título | Transboundary protected areas for peace and co-operation |
| Parte restante del título | based on the proceedings of workshops held in Bormio (1998) and Gland (2000) |
| Mención de responsabilidad | Trevor Sandwith, Clare Shine, Lawrence Hamilton, David Sheppard |
| 260 3# - PUBLICACION, DISTRIBUCION, ETC. (PIE DE IMPRENTA) | |
| Lugar de publicación, distribución, etc. | Cambridge |
| Nombre del editor, distribuidor, etc. | The World Conservation Union |
| Fecha de publicación, distribución, etc. | 2001 |
| 300 ## - DESCRIPCION FISICA | |
| Extensión | 111 p. |
| Otros detalles físicos | il., mapas, tablas |
| Dimensiones | 30 cm |
| 504 ## - NOTA DE BIBLIOGRAFIA, ETC. | |
| Nota de bibliografía | Incluye bibliografía (páginas 109 - 111) |
| 590 ## - NOTA LOCAL | |
| Nota local | 242 traducción de la agencia catalogadora |
| 650 #0 - ASIENTO SECUNDARIO DE MATERIA - TERMINO TEMATICO | |
| Término temático o nombre geográfico como elemento de entrada | Áreas protegidas |
| Subdivisión de forma | Congresos |
| 650 #0 - ASIENTO SECUNDARIO DE MATERIA - TERMINO TEMATICO | |
| Término temático o nombre geográfico como elemento de entrada | Conservación de la biodiversidad |
| Subdivisión de forma | Congresos |
| Subdivisión general | Cooperación internacional |
| 650 #0 - ASIENTO SECUNDARIO DE MATERIA - TERMINO TEMATICO | |
| Término temático o nombre geográfico como elemento de entrada | Protección ambiental |
| Subdivisión de forma | Congresos |
| Subdivisión general | Cooperación internacional |
| 700 1# - ASIENTO SECUNDARIO - NOMBRE PERSONAL | |
| Nombre personal | Shine, Clare |
| 700 1# - ASIENTO SECUNDARIO - NOMBRE PERSONAL | |
| Nombre personal | Hamilton, Lawrence |
| 700 1# - ASIENTO SECUNDARIO - NOMBRE PERSONAL | |
| Nombre personal | Sheppard, David |
| 942 ## - ELEMENTOS ADICIONALES (KOHA) | |
| Sistema de clasificación | Dewey Decimal Classification |
| Tipo de ítem | Impreso |
| Withdrawn status | Lost status | Sistema de Clasificación | Damaged status | No para préstamo | Colección | Inventariado | Ubicación Permanente | Ubicación actual | Fecha de adquisición | Fuente de Valor | Valor | Total Checkouts | Número topográfico | Inventario / Código de Barras | Date last seen | Ejemplar | Price effective from | Forma de adquisición | Tipo de material |
|---|---|---|---|---|---|---|---|---|---|---|---|---|---|---|---|---|---|---|---|
| Dewey Decimal Classification | General | Inventariado 2017 | Bogotá | Bogotá | 25/03/2014 | Instituto | 39000.00 | LB-333.72 S221t | 034253 | 25/03/2014 | Ej. 1 | 25/03/2014 | Libro |